[Event "Foxwoods op 16th"]
[Site "Ledyard"]
[Date "2024.03.27"]
[Round "1"]
[White "Times, Lawyer"]
[Black "Risteski, Emil"]
[Result "0-1"]
[WhiteElo "1998"]
[BlackElo "2362"]
[PlyCount "88"]
[EventDate "2024.03.27"]
[EventType "swiss"]
[EventRounds "9"]
[EventCountry "USA"]
[SourceTitle "CB14_2024"]
[SourceDate "2024.04.01"]
[SourceVersion "1"]
[SourceVersionDate "2024.04.01"]
[SourceQuality "1"]

1. d4 Nf6 2. Nf3 g6 3. g3 b6 4. Bg2 Bb7 5. 0-0 Bg7 6. c4 0-0 7. Nc3 Ne4 8. Nxe4 Bxe4 9. e3 d5 10. Qe2 dxc4 11. Qxc4 c5 12. Re1 Bd5 13. Qc2 cxd4 14. Nxd4 Bxg2 15. Kxg2 Qd7 16. Bd2 Qb7+ 17. f3 Rc8 18. Qb3 Na6 19. Red1 Nc5 20. Qa3 e5 21. Nb5 Qc6 22. Nc3 e4 23. f4 Nd3 24. Rab1 b5 25. Qb3 Rab8 26. Nd5 Qe6 27. Bb4 Rc4 28. Rxd3 exd3 29. Qxd3 Rd8 30. Rd1 Qxd5+ 31. Qxd5 Rxd5 32. Rxd5 Rxb4 33. Rd8+ Bf8 34. b3 Re4 35. Kf3 Re6 36. Rb8 b4 37. e4 Ra6 38. e5 Rxa2 39. g4 Rb2 40. f5 Rxb3+ 41. Ke4 Rb1 42. e6 Re1+ 43. Kd5 fxe6+ 44. fxe6 a5 0-1

[Event "Foxwoods op 15th"]
[Site "Ledyard"]
[Date "2023.04.09"]
[Round "8"]
[White "Slade, Theodore"]
[Black "Times, Lawyer"]
[Result "0-1"]
[WhiteElo "2021"]
[BlackElo "1947"]
[PlyCount "98"]
[EventDate "2023.04.05"]
[EventType "swiss"]
[EventRounds "9"]
[EventCountry "USA"]
[SourceTitle "CBM 213 Extra"]
[Source "ChessBase"]
[SourceDate "2023.05.31"]
[SourceVersion "1"]
[SourceVersionDate "2023.05.31"]
[SourceQuality "1"]

1. d4 Nf6 2. c4 c5 3. d5 e6 4. Nc3 exd5 5. cxd5 d6 6. e4 g6 7. f4 Bg7 8. Bb5+ Nfd7 9. a4 0-0 10. Nf3 Na6 11. 0-0 Nc7 12. Bd3 a6 13. a5 Rb8 14. Re1 Re8 15. Be3 b5 16. axb6 Rxb6 17. Qc2 Nb5 18. Ra2 Nd4 19. Bxd4 cxd4 20. Ne2 Rb4 21. Bc4 Qb6 22. Kh1 Bb7 23. b3 Nf6 24. Nexd4 Nxd5 25. Qd2 Nf6 26. e5 Ne4 27. Qc1 d5 28. Rxe4 dxe4 29. Ng5 Rf8 30. e6 Bxd4 31. e7 Rb8 32. Bxf7+ Kh8 33. Rc2 Qb5 34. Rc7 Bf6 35. e8Q+ Rxe8 36. Bxe8 Qxe8 37. Rxh7+ Kg8 38. Qc7 e3 39. Rh8+ Bxh8 40. Qh7+ Kf8 41. Qxh8+ Ke7 42. Qg7+ Kd6 43. Nf7+ Kd5 44. Qxg6 Qe6 45. Qh5+ Kd4 46. Qd1+ Kc5 47. Ne5 Kb6 48. Qd3 Rxb3 49. Nc4+ Qxc4 0-1

[Event "Foxwoods op 15th"]
[Site "Ledyard"]
[Date "2023.04.07"]
[Round "4"]
[White "Sun, Ryan"]
[Black "Times, Lawyer"]
[Result "1-0"]
[WhiteElo "2143"]
[BlackElo "1947"]
[PlyCount "47"]
[EventDate "2023.04.05"]
[EventType "swiss"]
[EventRounds "9"]
[EventCountry "USA"]
[SourceTitle "CBM 213 Extra"]
[Source "ChessBase"]
[SourceDate "2023.05.31"]
[SourceVersion "1"]
[SourceVersionDate "2023.05.31"]
[SourceQuality "1"]

1. e4 Nf6 2. e5 Nd5 3. d4 d6 4. c4 Nb6 5. f4 dxe5 6. fxe5 c5 7. d5 g6 8. Nc3 Bg7 9. Bf4 0-0 10. Qd2 Bf5 11. 0-0-0 e6 12. h3 exd5 13. cxd5 c4 14. g4 Bc8 15. Nf3 Na6 16. Ne4 f5 17. exf6 Bxf6 18. Bh6 Re8 19. Nfg5 Re5 20. Bg2 Bh8 21. Rhf1 Bd7 22. Qf4 Qe7 23. d6 Rxe4 24. Nxe4 1-0

[Event "USA tt"]
[Site "ICC INT"]
[Date "2015.09.30"]
[Round "6"]
[White "Times, Lawyer"]
[Black "Cheng, Xiao"]
[Result "1-0"]
[WhiteElo "2110"]
[BlackElo "2277"]
[PlyCount "113"]
[EventDate "2015.08.25"]
[EventType "team-swiss"]
[EventRounds "10"]
[EventCountry "USA"]
[SourceTitle "EXT 2017"]
[Source "ChessBase"]
[SourceDate "2016.10.25"]
[SourceVersion "1"]
[SourceVersionDate "2016.10.25"]
[SourceQuality "1"]
[WhiteTeam "New England"]
[BlackTeam "Atlanta"]
[WhiteTeamCountry "USA"]
[BlackTeamCountry "USA"]

1. d4 Nf6 2. Nf3 g6 3. g3 Bg7 4. Bg2 0-0 5. 0-0 d6 6. c4 c6 7. Nc3 Qa5 8. h3 Be6 9. d5 cxd5 10. Nd4 Bd7 11. cxd5 Rc8 12. Nb3 Qd8 13. Be3 Na6 14. Rc1 h5 15. Qd2 Rc4 16. Nd4 h4 17. b3 Rc5 18. Nf3 Rxc3 19. Qxc3 hxg3 20. fxg3 Nxd5 21. Qd2 Nxe3 22. Qxe3 Nc5 23. h4 Ne6 24. Kh2 Qa5 25. Rc2 Qh5 26. Rc4 d5 27. Rc2 d4 28. Qf2 Rf8 29. Bh3 Bc6 30. Ne1 Be4 31. Nd3 g5 32. Bf5 Bd5 33. Bh3 Be4 34. Bf5 Bd5 35. Rg1 a5 36. g4 Qxh4+ 37. Qxh4 gxh4 38. g5 Nd8 39. Kh3 e6 40. Bg4 Nc6 41. Kxh4 Nb4 42. Nxb4 axb4 43. Bf3 Rd8 44. Bxd5 Rxd5 45. Rc4 Bf8 46. Rc7 Rf5 47. g6 Rf4+ 48. Kh3 fxg6 49. Rxg6+ Kh8 50. Rxe6 Rf5 51. Rxb7 Rh5+ 52. Kg4 Rh1 53. Re8 Rg1+ 54. Kf3 Kg8 55. Rbb8 Rf1+ 56. Ke4 Kg7 57. Rxf8 1-0

[Event "USA tt"]
[Site "ICC INT"]
[Date "2015.08.25"]
[Round "1"]
[White "Leon Magallanes, Isaac David"]
[Black "Times, Lawyer"]
[Result "1/2-1/2"]
[WhiteElo "2210"]
[BlackElo "2110"]
[PlyCount "129"]
[EventDate "2015.08.25"]
[EventType "team-swiss"]
[EventRounds "10"]
[EventCountry "USA"]
[SourceTitle "EXT 2016"]
[Source "ChessBase"]
[SourceDate "2015.10.08"]
[SourceVersion "1"]
[SourceVersionDate "2015.10.08"]
[SourceQuality "1"]
[WhiteTeam "Philadelphia"]
[BlackTeam "New England"]
[WhiteTeamCountry "USA"]
[BlackTeamCountry "USA"]

1. d4 Nf6 2. c4 c5 3. d5 e6 4. Nc3 exd5 5. cxd5 d6 6. Nf3 g6 7. g3 Bg7 8. Bg2 0-0 9. 0-0 Re8 10. Nd2 a6 11. a4 Nbd7 12. h3 Rb8 13. Nc4 Nb6 14. Ne3 Bd7 15. a5 Nc8 16. Qd3 Qc7 17. Bd2 Na7 18. Rfc1 Bb5 19. Nxb5 Nxb5 20. Nc4 Qe7 21. e3 Nd7 22. f4 f5 23. Ra4 Nf6 24. Rf1 Qd7 25. Nb6 Qf7 26. b3 Re7 27. Bf3 Rbe8 28. Kg2 Ne4 29. Bxe4 fxe4 30. Qc4 Qf6 31. Ra2 Rf7 32. Bc1 Qe7 33. Raf2 h5 34. Bd2 Ref8 35. Qe2 Nc7 36. Be1 Qe8 37. g4 h4 38. Rg1 Qe7 39. g5 Rf5 40. Qc4 Qf7 41. Qxe4 Re8 42. Qf3 Nxd5 43. Nxd5 Rxd5 44. e4 Rd4 45. Re2 Qe6 46. Bxh4 Rxe4 47. Rxe4 Qxe4 48. Rd1 Qc2+ 49. Kf1 Bd4 50. Re1 Rxe1+ 51. Bxe1 Qf5 52. Bd2 d5 53. h4 Kg7 54. Ke2 Qe4+ 55. Qxe4 dxe4 56. Be3 Kf7 57. b4 Ke6 58. bxc5 Bxe3 59. Kxe3 Kf5 60. Kd4 Kxf4 61. h5 e3 62. hxg6 e2 63. g7 e1Q 64. g8Q Qa1+ 65. Kd3 1/2-1/2

[Event "MetroWest CC-ch A"]
[Site "Natick"]
[Date "2014.04.29"]
[Round "5.2"]
[White "Times, Lawyer"]
[Black "Abdi, Farzad"]
[Result "1-0"]
[WhiteElo "2271"]
[BlackElo "2265"]
[PlyCount "49"]
[EventDate "2014.04.01"]
[EventType "tourn"]
[EventRounds "5"]
[EventCountry "USA"]
[EventCategory "5"]
[SourceTitle "EXT 2023"]
[Source "ChessBase"]
[SourceDate "2022.10.05"]
[SourceVersion "1"]
[SourceVersionDate "2022.10.05"]
[SourceQuality "1"]

1. d4 d5 2. Nf3 c6 3. c4 Nf6 4. e3 Bf5 5. cxd5 cxd5 6. Nc3 e6 7. Ne5 Nfd7 8. g4 Bg6 9. Nxg6 hxg6 10. h4 Rxh4 11. Rxh4 Qxh4 12. Qb3 b6 13. Nxd5 Bd6 14. Nc3 Nf6 15. Bg2 Nxg4 16. Nd1 Bg3 17. Bxa8 Bxf2+ 18. Ke2 Qh2 19. Kd3 Kd8 20. Bf3 f5 21. Qxe6 Nf6 22. Bd2 Nbd7 23. Rc1 Bh4 24. Bb4 Ne8 25. Bb7 1-0

[Event "USA tt"]
[Site "ICC INT"]
[Date "2013.09.18"]
[Round "4"]
[White "Fernando, Oliver L"]
[Black "Times, Lawyer"]
[Result "0-1"]
[WhiteElo "2201"]
[BlackElo "2055"]
[PlyCount "78"]
[EventDate "2013.08.27"]
[EventType "team-tourn"]
[EventRounds "10"]
[EventCountry "USA"]
[SourceTitle "CBM 156 Extra"]
[Source "ChessBase"]
[SourceDate "2013.10.22"]
[SourceVersion "1"]
[SourceVersionDate "2013.10.22"]
[SourceQuality "1"]
[WhiteTeam "Carolina"]
[BlackTeam "New England"]
[WhiteTeamCountry "USA"]
[BlackTeamCountry "USA"]

1. e4 Nf6 2. d3 e5 3. Nf3 Nc6 4. g3 d5 5. Nbd2 Bc5 6. Bg2 0-0 7. 0-0 a5 8. a4 h6 9. exd5 Nxd5 10. Nc4 f6 11. Nh4 Be6 12. Kh1 Qd7 13. Ng6 Rfe8 14. Qh5 Nd4 15. Be3 Bg4 16. Qh4 Nf3 17. Bxf3 Bxf3+ 18. Kg1 Nxe3 19. fxe3 Bd5 20. Rf2 Kh7 21. Raf1 Kxg6 22. Rxf6+ Kh7 23. R6f5 Bxc4 24. Qxc4 Bxe3+ 25. Kg2 Qc6+ 26. Qxc6 bxc6 27. Rf7 Bb6 28. h4 Rad8 29. Kf3 Rd4 30. b3 e4+ 31. dxe4 Rdxe4 32. h5 Re2 33. Rd7 R2e5 34. Kg4 Rg5+ 35. Kh4 Re2 36. g4 Re4 37. Rf8 Rexg4+ 38. Kh3 Rg3+ 39. Kh2 Bg1+ 0-1

[Event "MetroWest CC-ch"]
[Site "Natick"]
[Date "2013.04.16"]
[Round "3"]
[White "Times, Lawyer"]
[Black "Brattain, Mika A"]
[Result "0-1"]
[WhiteElo "2271"]
[BlackElo "2317"]
[PlyCount "76"]
[EventDate "2013.04.02"]
[EventType "tourn"]
[EventRounds "5"]
[EventCountry "USA"]
[EventCategory "4"]
[SourceTitle "EXT 2023"]
[Source "ChessBase"]
[SourceDate "2022.10.05"]
[SourceVersion "1"]
[SourceVersionDate "2022.10.05"]
[SourceQuality "1"]

1. d4 Nf6 2. Nf3 d5 3. e3 c5 4. c3 cxd4 5. exd4 Qc7 6. Bd3 Bg4 7. 0-0 e6 8. h3 Bh5 9. Re1 Nc6 10. Bg5 Bd6 11. b4 Nd7 12. b5 Na5 13. Qe2 0-0 14. Rc1 Rae8 15. g4 Bg6 16. Nbd2 e5 17. Bxg6 hxg6 18. dxe5 Nxe5 19. Qf1 Nac4 20. Nxe5 Bxe5 21. Qd3 Bf4 22. Bxf4 Qxf4 23. Rc2 Re3 24. Qf1 Re5 25. Nxc4 dxc4 26. a4 Rfe8 27. Rd1 Qf3 28. Rcc1 Re4 29. Qg2 Qf4 30. Rb1 g5 31. Kf1 g6 32. Rd7 Qe5 33. Kg1 Qxc3 34. Rxb7 Qc2 35. Rf1 Qxa4 36. Qf3 Rf4 37. Qc6 Rf8 38. Qc5 Qb3 0-1

[Event "MetroWest CC-ch"]
[Site "Natick"]
[Date "2012.05.22"]
[Round "4"]
[White "Krasik, Ilya"]
[Black "Times, Lawyer"]
[Result "1-0"]
[WhiteElo "2294"]
[BlackElo "2269"]
[PlyCount "65"]
[EventDate "2012.05.01"]
[EventType "tourn"]
[EventRounds "5"]
[EventCountry "USA"]
[SourceTitle "EXT 2023"]
[Source "ChessBase"]
[SourceDate "2022.10.05"]
[SourceVersion "1"]
[SourceVersionDate "2022.10.05"]
[SourceQuality "1"]

1. Nf3 Nf6 2. c4 c5 3. d4 cxd4 4. Nxd4 Nc6 5. Nc3 e6 6. g3 Bc5 7. Ndb5 0-0 8. Bg2 Qb6 9. 0-0 Bb4 10. Be3 Qd8 11. Bf4 a6 12. Nd6 Qe7 13. a3 Bxc3 14. bxc3 Ne8 15. c5 e5 16. Be3 Nxd6 17. cxd6 Qf6 18. Bb6 Re8 19. Bd5 Kf8 20. Qb3 Qxd6 21. Bxf7 Re7 22. Bg8 Qg6 23. f4 e4 24. f5 Qf6 25. Bxh7 Rf7 26. Rad1 d6 27. Bg6 Rd7 28. Rf4 Ne5 29. Bd4 b5 30. Rxe4 Rc7 31. Rh4 Ke7 32. Bxe5 dxe5 33. Qb4+ 1-0

[Event "Somerset BCC-ch"]
[Site "Somerset"]
[Date "2011.10.19"]
[Round "7"]
[White "Times, Lawyer"]
[Black "Rueda, Libardo"]
[Result "0-1"]
[WhiteElo "2093"]
[BlackElo "2156"]
[PlyCount "76"]
[EventDate "2011.09.12"]
[EventType "tourn"]
[EventRounds "7"]
[EventCountry "USA"]
[SourceTitle "EXT 2013"]
[Source "ChessBase"]
[SourceDate "2012.11.22"]
[SourceVersion "1"]
[SourceVersionDate "2012.11.22"]
[SourceQuality "1"]

1. d4 g6 2. Nf3 Bg7 3. g3 f5 4. Bg2 Nf6 5. 0-0 0-0 6. c4 Ne4 7. Qc2 c5 8. d5 e5 9. dxe6 dxe6 10. Nbd2 Nxd2 11. Bxd2 Nc6 12. Bc3 e5 13. Rad1 Qe7 14. e3 Be6 15. Qa4 e4 16. Bxg7 Kxg7 17. Nd2 Ne5 18. b3 Bd7 19. Qa3 Bc6 20. Nb1 Nf3+ 21. Kh1 g5 22. Nc3 b6 23. Nd5 Qf7 24. Qb2+ Kg8 25. h3 Rae8 26. Qe2 Ne5 27. f3 Qh5 28. g4 exf3 29. Rxf3 Nxg4 30. Rg3 Qh6 31. Qb2 Qh4 32. Rf3 Ne5 33. Rff1 Rf7 34. Qf2 Qh6 35. Qg3 Kh8 36. Kg1 f4 37. exf4 gxf4 38. Nxf4 Rg8 0-1

[Event "MetroWest CC-ch"]
[Site "Natick"]
[Date "2011.05.03"]
[Round "1"]
[White "Times, Lawyer"]
[Black "Bisguier, Arthur Bernard"]
[Result "1-0"]
[WhiteElo "2237"]
[BlackElo "2220"]
[PlyCount "73"]
[EventDate "2011.05.03"]
[EventType "tourn"]
[EventRounds "5"]
[EventCountry "USA"]
[SourceTitle "EXT 2023"]
[Source "ChessBase"]
[SourceDate "2022.10.05"]
[SourceVersion "1"]
[SourceVersionDate "2022.10.05"]
[SourceQuality "1"]

1. d4 d5 2. Nf3 Nf6 3. e3 Bf5 4. c4 e6 5. Qb3 Qc8 6. Nc3 c6 7. Be2 Nbd7 8. Bd2 Be7 9. Rc1 Qb8 10. Nh4 Bg6 11. Nxg6 hxg6 12. h3 0-0 13. 0-0 g5 14. Bf3 Nb6 15. cxd5 exd5 16. Be2 Qd6 17. a3 Qe6 18. Na4 Ne4 19. Be1 Nxa4 20. Qxa4 f5 21. Qc2 Rf7 22. f3 Nd6 23. Bf2 Re8 24. Rfe1 g6 25. Bd3 Bd8 26. Bg3 Bb6 27. Be5 Rh7 28. Qf2 Nf7 29. Bh2 Nd6 30. Kh1 g4 31. e4 dxe4 32. fxe4 fxe4 33. Qf4 Bc7 34. Qe3 gxh3 35. g4 Qxg4 36. Rg1 Qe6 37. Bc2 1-0

[Event "World op 27th"]
[Site "Philadelphia"]
[Date "1999.07.03"]
[Round "4"]
[White "Times, Lawyer"]
[Black "Escobedo Tinajero, Alberto"]
[Result "0-1"]
[WhiteElo "2218"]
[BlackElo "2373"]
[PlyCount "96"]
[EventDate "1999.06.27"]
[EventType "swiss"]
[EventRounds "9"]
[EventCountry "USA"]
[SourceTitle "EXT 2000"]
[Source "ChessBase"]
[SourceDate "1999.11.16"]
[SourceVersion "1"]
[SourceVersionDate "1999.11.16"]
[SourceQuality "1"]

1. d4 d5 2. Nf3 Nf6 3. e3 c6 4. c4 e6 5. b3 Nbd7 6. Bd3 Bd6 7. Bb2 0-0 8. Ne5 dxc4 9. bxc4 Bb4+ 10. Kf1 Qc7 11. f4 Rd8 12. g4 Nxe5 13. fxe5 Nd7 14. g5 b6 15. Nc3 Bxc3 16. Bxc3 Bb7 17. Qc2 Nf8 18. Rg1 c5 19. Rc1 Qc6 20. Qe2 Rd7 21. Kf2 Rad8 22. Rg4 Ng6 23. d5 exd5 24. cxd5 Qxd5 25. Bc4 Qc6 26. Bb5 Qc7 27. Bxd7 Qxd7 28. h3 Qf5+ 29. Kg1 Bf3 30. Qc4 Bxg4 31. hxg4 Qxg5 32. Qe4 h5 33. e6 Qxg4+ 34. Qxg4 hxg4 35. exf7+ Kxf7 36. Kf2 Ke6 37. a4 Ne5 38. Kg3 Rf8 39. Bxe5 Kxe5 40. Kxg4 Ke4 41. a5 Kxe3 42. axb6 axb6 43. Rb1 c4 44. Rxb6 c3 45. Rc6 Kd2 46. Rd6+ Kc1 47. Kg5 c2 48. Kg6 Rf6+ 0-1